Geographisches Wissen - Berge & Gebirge - Statistiken

Allgemein
  • Dieses Quiz wurde 66 mal gespielt
    38 seit der letzten Aktualisierung
  • Das Durchschnittsergebnis liegt bei 8 aus 22
Antwortstatistiken
Frage Antwort % Korrekt
1.1 Wie heißt der höchste Berg der Erde? Mt. Everest
89%
1.6 Wie heißt der höchste Berg Deutschlands? Zugspitze
83%
2.8 Welches Gebirge liegt im Süden von Deutschland? Alpen
74%
2.6 Welches Gebirge liegt zwischen Spanien und Frankreich? Pyrenäen
66%
1.7 Wie heißt der höchste Berg Österreichs? Großglockner
63%
1.2 Wie heißt der höchste Berg Europas? Elbrus
54%
2.7 Welches Gebirge liegt an der Grenze zwischen Russland und Armenien, Georgien und Aserbaidschan? Kaukasus
54%
2.4 In welchem Gebirge liegt der Brocken? Harz
49%
1.3 Wie heißt der höchste Berg Afrikas? Kilimandscharo (Kibo)
49%
2.5 In welchem Gebirge liegt der Ojos del Salado? Anden
46%
1.5 Wie heißt der höchste Berg Südamerikas? Aconcagua
34%
2.11 Welches Gebirge ist das "Rückgrat" Italiens? Apennin
31%
1.4 Wie heißt der höchste Berg Nordamerikas? Denali (Mt. McKinley)
31%
2.1 In welchem Gebirge liegt der Fichtelberg? Erzgebirge
31%
1.9 Wie heißt der höchste Berg in der Gesamthöhe (Über- und Unterwasser? Mauna Kea
20%
1.8 Wie heißt der höchste Berg der Schweiz? Dufourspitze
17%
2.3 In welchem Gebirge liegt der K2? Karakorum
17%
1.11 Welche Art von Berg ist der K2? Achttausender
14%
2.9 Welches Gebirge liegt im Süden von Südafrika? Drachenberge
9%
2.2 In welchem Gebirge liegt der Ben Nevis? schottische Highlands
9%
1.10 Wie heißt der höchste Berg, der auf einer Insel liegt? Puncak Jaya
3%
2.10 Welches Gebirge ist das höchste auf dem Kontinent Antarktis? Ellsworth
0%
Keine übereinstimmenden Quizze gefunden
Verteilung der Resultate
Anzahl Personen mit jedem Resultat
Perzentil nach korrekt beantworteten Fragen
Ihre Resultats-Entwicklung
Sie haben dieses Quiz seit der letzten Aktualisierung nicht gespielt